00656nam a2200193 a 450000100100000000500170001000800410002702000150006804000250008310000260010824000350013424500440016926000310021330000280024450000340027270000340030695201050034099900170044500003671820200930075907.0120126s1982 sp a 000 0 spa d a0852002599 aDO-SdBNPbspacBNPHU1 aSwerdlow, Mark96302914aThe therapy of painlEspañol10aTratamiento del dolor /cMark Swerdlow. aBarcelona :bDoyma,c1982. a270 p. :bil. ;c21 cm. aTraducido del idioma inglés1 aSerra Curiá, L.etr.963030 001050718MOaGRbGRcCTd2012-01-26iLF1l0o p36718-10r2020-06-25w2020-06-25y1ZNo se presta c36209d36209